Quiz sur la ville de Pau - Statistiques

Statistiques générales
  • Ce quiz a été pris 99 fois
  • Le résultat moyen est 8 sur 12
Statistiques - réponses
Hint Réponse % Correct
Quelle célèbre chaîne de montagnes peut-on admirer depuis Pau ? Les Pyrénées
96%
Quelle est la région administrative où se situe Pau ? Nouvelle-Aquitaine
94%
Comment appelle-t-on les habitants de Pau ? Les Palois
91%
Dans quel département se situe Pau ? Pyrénées-Atlantiques
91%
Quel roi de France est né à Pau en 1553 ? Henri IV
87%
Quel transport atypique permet d'aller de la gare au centre-ville ? Le funiculaire
79%
Quelle boisson locale, à base de vin blanc doux, est produite près de Pau ? Le Jurançon
73%
Quel est le nom du club de basket professionnel de Pau ? Élan Béarnais
65%
Quel est le nom du château célèbre de Pau ? Château de Pau
50%
Dans quoi est né ce roi ? Carapace de tortue
46%
Quelle spécialité culinaire béarnaise à base de viande et de légumes est populaire à Pau ? La garbure
42%
Quel est le code OACI de la ville de Pau ? PUF
17%
Aucun quiz correspondant
Distribution des résultats
% des personnes avec chaque résultat
Percentile par nombre de réponses
Votre historique - résultats
Vous n’avez pas pris ce quiz